000 00707nam a22002177a 4500
003 UA-OsUOA
001 38494
007 ta
008 20060511b un ||||| |||| 00| 0 ukr d
100 _aДавидюк Л.В.
090 _a81
_bД11
942 _cSA
040 _aUA-OsUOA
_brus
_cUA-OsUOA
_dUA-OsUOA
245 _aКалендарное планирование уроков русского язка для 10 класса школ с украинским языком обучения
300 _a62 с.
955 _a0
041 _arus
080 _a81
773 0 _w38492
650 7 _a8 Мовознавство. Художня література. Літературознавство
_2UDC
999 _c324654
_d324654